Trattato delle malattie mentali / (Record no. 157480)

MARC details
000 -LEADER
campo de control de longitud fija 01137nam a22002775i 4500
001 - NÚMERO DE CONTROL
campo de control 157480
003 - IDENTIFICADOR DE NÚMERO DE CONTROL
campo de control ES-MaACL
005 - FECHA Y HORA DE LA ÚLTIMA TRANSACCIÓN
campo de control 20250721193131.0
008 - DATOS DE LONGITUD FIJA--INFORMACIÓN GENERAL
campo de control de longitud fija 021022s1878 it |||| | ita d
040 ## - FUENTE DE CATALOGACIÓN
Centro catalogador/agencia de origen CCPB | B
Lengua de catalogación spa
Centro/agencia transcriptor CCPB | B
100 1# - ENTRADA PRINCIPAL--NOMBRE DE PERSONA
Nombre de persona Leidesdorf, Massimiliano.
9 (RLIN) 128858
245 10 - MENCIÓN DEL TÍTULO
Título Trattato delle malattie mentali /
Mención de responsabilidad, etc. del dott. Massimiliano Leidesdorf ; tradusse liberamente dal tedesco ... il dott. Francesco barone Ungern Sternberg.
250 ## - MENCION DE EDICION
Mención de edición Ed. originale italiana ... / dal dott. Maurizio Schiff.
260 ## - PUBLICACIÓN, DISTRIBUCIÓN, ETC.
Lugar de publicación, distribución, etc. Roma [etc.] :
Nombre del editor, distribuidor, etc. Ermanno Loescher,
Fecha de publicación, distribución, etc. 1878 (
Lugar de fabricación/manufactura Torino :
Fabricante Tip. V. Bona)
300 ## - DESCRIPCIÓN FÍSICA
Extensión VI, [2], 712 p. ;
Dimensiones 20 cm.
490 1# - MENCIÓN DE SERIE
Mención de serie Biblioteca dello studente e del medico pratico ;
Designación de volumen o secuencia 12
650 #7 - PUNTO DE ACCESO ADICIONAL DE MATERIA--TÉRMINO DE MATERIA
Término de materia o nombre geográfico como elemento de entrada Enfermedades mentales
Fuente del encabezamiento o término embne
9 (RLIN) 12263
700 11 - ENTRADA AGREGADA--NOMBRE PERSONAL
Nombre de persona Schiff, Maurizio,
Término indicativo de función/relación
9 (RLIN) 132545
700 21 - ENTRADA AGREGADA--NOMBRE PERSONAL
Nombre de persona Ungern Sternberg, Frank
Títulos y otros términos asociados al nombre , Barón,
Término indicativo de función/relación
9 (RLIN) 133448
752 ## - ENTRADA AGREGADA--NOMBRE JERÁRQUICO DEL LUGAR
País o entidad superior Italia -
Ciudad Roma
752 ## - ENTRADA AGREGADA--NOMBRE JERÁRQUICO DEL LUGAR
País o entidad superior Italia -
Ciudad Turín
830 0# - PUNTO DE ACCESO ADICIONAL DE SERIE-TÍTULO UNIFORME
Título uniforme Biblioteca dello studente e del medico pratico ;
Designación de volumen o secuencia 12
9 (RLIN) 221792
852 ## - LOCALIZACIÓN
Ubicación ES-MaACL
Número de control de estantería F-12510
Nota libre -- Enc. pasta
Holdings
Estatus retirado Estado de pérdida Estado de daño No para préstamo Colección Biblioteca de origen Biblioteca actual Ubicación en estantería Fecha de adquisición Fuente de adquisición Total de préstamos Signatura topográfica completa Código de barras Visto por última vez Precio de reemplazo Tipo de ítem Koha
        Libros del s. XIX Biblioteca del Ateneo de Madrid Biblioteca del Ateneo de Madrid Sala Pecera Planta 2 17/01/2008     F-12510 1164798 23/02/2023 23/02/2023 Libro impreso antiguo